MEDICAL PHARMACOLOGY (Record no. 7131)

MARC details
000 -LEADER
fixed length control field 00303nam a2200133Ia 4500
008 - FIXED-LENGTH DATA ELEMENTS--GENERAL INFORMATION
fixed length control field 150301s2015 xx 000 0 und d
082 ## - DEWEY DECIMAL CLASSIFICATION NUMBER
Classification number 615
Item number M11S
100 ## - MAIN ENTRY--PERSONAL NAME
Personal name P.R. SENGUPTA
245 ## - TITLE STATEMENT
Title MEDICAL PHARMACOLOGY
260 ## - PUBLICATION, DISTRIBUTION, ETC. (IMPRINT)
Name of publisher, distributor, etc. CBS- DELHI
300 ## - PHYSICAL DESCRIPTION
Extent 567
650 ## - SUBJECT ADDED ENTRY--TOPICAL TERM
Topical term or geographic name as entry element PHARMACOLOGY
942 ## - ADDED ENTRY ELEMENTS (KOHA)
Source of classification or shelving scheme Dewey Decimal Classification
Koha item type Books
Koha issues (borrowed), all copies 16
Holdings
Withdrawn status Lost status Source of classification or shelving scheme Damaged status Not for loan Collection code Home library Current library Date acquired Source of acquisition Cost, normal purchase price SGTU Bill Number Total Checkouts Full call number Barcode Date last seen Date last checked out Bill Date Koha item type Shelving location
    Dewey Decimal Classification     PHARMACY SGT FA-FP Library SGT FA-FP Library 02/07/2015 ABC DELHI 495.00 SGTU 492 16 615 M11S FP501 21/04/2023 13/04/2023 24/11/2014 Books  
    Dewey Decimal Classification     PHARMACY SGT FA-FP Library SGT FA-FP Library 02/07/2015 ABC DELHI 495.00 SGTU 492 1 615 M11S FP502 24/07/2021 22/07/2021 24/11/2014 Books Reference Book
    Dewey Decimal Classification     PHARMACY SGT FA-FP Library SGT FA-FP Library 02/07/2015 ABC DELHI 495.00 SGTU 492 23 615 M11S FP503 01/04/2026 25/03/2026 24/11/2014 Books  
    Dewey Decimal Classification     PHARMACY SGT FA-FP Library SGT FA-FP Library 02/07/2015 ABC DELHI 495.00 SGTU 492 15 615 M11S FP504 31/03/2026 31/03/2026 24/11/2014 Books  
    Dewey Decimal Classification     PHARMACY SGT FA-FP Library SGT FA-FP Library 02/07/2015 ABC DELHI 495.00 SGTU 492 24 615 M11S FP505 07/04/2026 07/04/2026 24/11/2014 Books